Tentativa de los engmas: Walter Benjamin habla de Kafka
El artículo relaciona las figuras de Walter Benjamin y Franz Kafka a partir del escrito de Benjamin titulado "Franz Kafka. El décimo aniversario de su muerte". Se plantea que Benjamin encuentra en la obra de Kafka toda una configuración del poder marcada por la parabola de las simultáneas...
Spremljeno u:
| Glavni autor: | |
|---|---|
| Format: | Tekst |
| Teme: | |
| Oznake: |
Dodaj oznaku
Bez oznaka, Budi prvi tko označuje ovaj zapis!
|
MARC
| LEADER | 00000 a a2200000 04500 | ||
|---|---|---|---|
| 001 | 14444 | ||
| 003 | |||
| 040 | |||
| 100 | |a Contreras Castro, Fernando | ||
| 245 | |a Tentativa de los engmas: Walter Benjamin habla de Kafka | ||
| 520 | |a El artículo relaciona las figuras de Walter Benjamin y Franz Kafka a partir del escrito de Benjamin titulado "Franz Kafka. El décimo aniversario de su muerte". Se plantea que Benjamin encuentra en la obra de Kafka toda una configuración del poder marcada por la parabola de las simultáneas permanencia y expulsión del paraíso, la absolución y condena del pecado original que agobia tanto a los poderosos como a los oprimidos. ) | ||
| 650 | |a FILOSOFIA | ||
| 650 | |a LITERATURA | ||
| 773 | |g número 100 (II); páginas 103-111 | ||
| 999 | |c 34173 |d 34173 | ||
| 773 | 0 | |0 18728 |9 3037 |a Universidad de Costa Rica |d San José, Costa Rica Editorial UCR 1956- |o 17128 |t Revista de Ciencias Sociales/ |x 04825276 | |
